000 00337 a2200157 4500
001 45528
020 _a9788575037584
040 _cAnchieta - Aquarius
100 _aVentura, Antonio
240 1 0 _aQuando vem a lua
_lpor
245 1 0 _aQuando vem a lua
300 _a
362 0 _a2009
650 4 _aLiteratura infantil
942 _cBK
999 _c45528
_d45528